Organizational behavior and management (Record no. 572730)

000 -LEADER
fixed length control field 00567nam a22001937a 4500
003 - CONTROL NUMBER IDENTIFIER
control field CEME
005 - DATE AND TIME OF LATEST TRANSACTION
control field 20210628203227.0
008 - FIXED-LENGTH DATA ELEMENTS--GENERAL INFORMATION
fixed length control field 210203b xxu||||| |||| 00| 0 eng d
020 ## - INTERNATIONAL STANDARD BOOK NUMBER
International Standard Book Number 9780070620117
040 ## - CATALOGING SOURCE
Transcribing agency .
082 ## - DEWEY DECIMAL CLASSIFICATION NUMBER
Classification number 658.1 IVA
100 ## - MAIN ENTRY--PERSONAL NAME
Personal name Ivancevich, John M , Konopaske, Robert , Matteson, Michael.T
9 (RLIN) 64115
245 ## - TITLE STATEMENT
Title Organizational behavior and management
250 ## - EDITION STATEMENT
Edition statement 7TH
260 ## - PUBLICATION, DISTRIBUTION, ETC.
Place of publication, distribution, etc. NEW YORK
Name of publisher, distributor, etc. TATA MCGRAW HILL
Date of publication, distribution, etc. 2008
300 ## - PHYSICAL DESCRIPTION
Extent XVIII, 718P
650 ## - SUBJECT ADDED ENTRY--TOPICAL TERM
Topical term or geographic name entry element ORGANIZATIONAL BEHAVIOR. , ORGANIZATIONAL MANAGEMENT
9 (RLIN) 64116
942 ## - ADDED ENTRY ELEMENTS (KOHA)
Koha item type Book
Source of classification or shelving scheme
Holdings
Withdrawn status Lost status Damaged status Not for loan Permanent Location Current Location Shelving location Date acquired Total Checkouts Full call number Barcode Date last seen Price effective from Koha item type
        College of Electrical & Mechanical Engineering (CEME) College of Electrical & Mechanical Engineering (CEME) General Stacks 07/26/2017   658.1 IVA CEME-45850 06/28/2021 06/28/2021 Book
© 2023 Central Library, National University of Sciences and Technology. All Rights Reserved.